Cosecha tu idea

সংরক্ষণ করুন:
গ্রন্থ-পঞ্জীর বিবরন
সংস্থা লেখক: FEDEFRUTA (Author), Federación de Productores de Frutas de Chile (Author)
বিন্যাস: গ্রন্থ
ভাষা:স্প্যানিশ
প্রকাশিত: Santiago FEDEFRUTA 2014
সংস্করন:1a. ed
বিষয়গুলি:
ট্যাগগুলো: ট্যাগ যুক্ত করুন
কোনো ট্যাগ নেই, প্রথমজন হিসাবে ট্যাগ করুন!

MARC

LEADER 00000cam a2200000 a 4500
001 UCC3038
003 CL-VaPUC
005 20230426121123.0
008 180413e20140000cl |||||||||||||||||spa|d
999 |c 370898  |d 370896 
040 |c Pontificia Universidad Católica de Valparaíso 
082 0 4 |a 305.420941  |b FED  |2 21 
110 2 |a FEDEFRUTA  |e author  |9 597074 
245 1 0 |a Cosecha tu idea 
250 |a 1a. ed 
260 |a Santiago  |b FEDEFRUTA  |c 2014 
300 |a 65 p 
583 |a last modification  |c 20180413 15:45:00  |k Rodrigo Vera 
610 |a Federación de productores de frutas de Chile  |9 881823 
650 0 |a Mujeres en el desarrollo  |9 257649 
650 0 |a Desarrollo económico y social   |9 256320 
650 7 |a Pymes  |2 CL-VaPUC  |9 497299  |x Industria agrícola  
651 |2 Chile 
710 2 |a Federación de Productores de Frutas de Chile  |e author  |9 597075 
942 |c BK  |2 ddc 
945 |d 20180413 15:45:00  |a dcastane 
952 |0 0  |1 0  |3 erb  |4 0  |6 305_420941000000000_FED_2014  |7 0  |8 A  |9 487626  |a BIBAGR  |b BIBAGR  |i 5462363  |o 305.420941 FED 2014  |p 5462363  |r 2025-01-20  |w 2019-11-24  |y BK  |z Catalogado en:20180413  |k AGR 
952 |0 0  |1 0  |3 erb  |4 0  |6 305_420941000000000_FED_2014  |7 0  |8 A  |9 487627  |a BIBAGR  |b BIBAGR  |i 5462355  |o 305.420941 FED 2014  |p 5462355  |r 2025-01-20  |w 2019-11-24  |y BK  |z Catalogado en:20180413  |k AGR 
952 |0 0  |1 0  |3 erb  |4 0  |6 305_420941000000000_FED_2014  |7 0  |8 A  |9 487628  |a BIBAGR  |b BIBAGR  |i 5462347  |o 305.420941 FED 2014  |p 5462347  |r 2025-01-20  |w 2019-11-24  |y BK  |z Catalogado en:20180413  |k AGR 
952 |0 0  |1 0  |3 erb  |4 0  |6 305_420941000000000_FED_2014  |7 0  |8 A  |9 487629  |a BIBAGR  |b BIBAGR  |i 5462339  |o 305.420941 FED 2014  |p 5462339  |r 2025-01-20  |w 2019-11-24  |y BK  |z Catalogado en:20180413  |k AGR 
952 |0 0  |1 0  |3 erb  |4 0  |6 305_420941000000000_FED_2014  |7 0  |8 A  |9 487630  |a BIBAGR  |b BIBAGR  |i 5462320  |o 305.420941 FED 2014  |p 5462320  |r 2025-01-20  |w 2019-11-24  |y BK  |z Catalogado en:20180413  |k AGR 
952 |0 0  |1 0  |3 erb  |4 0  |6 305_420941000000000_FED_2014  |7 0  |8 A  |9 487631  |a BIBAGR  |b BIBAGR  |i 5462312  |o 305.420941 FED 2014  |p 5462312  |r 2025-01-20  |w 2019-11-24  |y BK  |z Catalogado en:20180413  |k AGR 
952 |0 0  |1 0  |3 erb  |4 0  |6 305_420941000000000_FED_2014  |7 0  |8 A  |9 487632  |a BIBAGR  |b BIBAGR  |i 5462304  |o 305.420941 FED 2014  |p 5462304  |r 2025-01-20  |w 2019-11-24  |y BK  |z Catalogado en:20180413  |k AGR 
952 |0 0  |1 0  |3 erb  |4 0  |6 305_420941000000000_FED_2014  |7 0  |8 A  |9 487633  |a BIBAGR  |b BIBAGR  |i 5462290  |o 305.420941 FED 2014  |p 5462290  |r 2025-01-20  |w 2019-11-24  |y BK  |z Catalogado en:20180413  |k AGR 
952 |0 0  |1 0  |3 erb  |4 0  |6 305_420941000000000_FED_2014  |7 0  |8 A  |9 487634  |a BIBAGR  |b BIBAGR  |i 5462282  |o 305.420941 FED 2014  |p 5462282  |r 2025-01-20  |w 2019-11-24  |y BK  |z Catalogado en:20180413  |k AGR 
952 |0 0  |1 0  |3 erb  |4 0  |6 305_420941000000000_FED_2014  |7 0  |8 A  |9 487635  |a BIBAGR  |b BIBAGR  |i 5462274  |o 305.420941 FED 2014  |p 5462274  |r 2025-01-20  |w 2019-11-24  |y BK  |z Catalogado en:20180413  |k AGR